92 English Football League Quiz - Part 1 - Statistics

General Stats
  • This quiz has been taken 82 times
  • The average score is 15 of 31
Answer Stats
Hint Answer % Correct
Barnsley have been in the Premier League for how many total seasons? 1
87%
Which war weapon is on the Arsenal badge? Cannon
87%
True or false? Bolton Wanderers have the biggest stadium in League 1 (as of July 2022) False
81%
True or False? Cardiff are the only Welsh club in the last 5 years to play in the Premier League. (as of July 2022) False
76%
What colour is the Bristol City badge? Red
76%
True or False, Crewe is a valid Scrabble word. True
76%
Brentford, until 2021-22 season, have never played in the Premier League. True or False? True
75%
What part of England are Charlton Athletic in? London
73%
Burnley are often called the C______. Clarets
72%
Aston Villa used to be a club for which sport? Cricket
61%
Birmingham City play at which ground? St Andrews
61%
Brighton play in the Amex stadium, a contraction of what banking company? American Express
60%
Derby County were deducted of how many points in the 2021-22 season? 21
56%
What letter is the nickname of Colchester United? U
56%
Crystal Palace shares a rivalry with which other South London team? Charlton, Millwall, Wimbledon
51%
Which former Chelsea striker manages Burton Albion? Jimmy Floyd Hasselbaink
51%
What is on the Bristol Rovers badge? Pirate
49%
In an 80s advert, who told a young Liverpool fan if they didn't drink their milk, they'd only be good enough to play for Accrington Stanley. Ian Rush
45%
AFC Wimbledon were founded in which year? 2002
44%
Bradford got to the League Cup final in 2013 beating Chelsea in the semi-finals whilst in League 2 and played Swansea in the final what was the score? 5-0
43%
What is Cheltenham Town's Attack Rating on FIFA 22? 64
43%
What is the nickname of Blackpool? The Seasiders
37%
Cambridge United beat which team in the FA Cup 3rd round in 2021-22 season? Newcastle
32%
Chelsea play at Stamford Bridge, what year was the Battle of Stamford Bridge? 1066
31%
Who is the Bournemouth captain (as of July 2022) Lloyd Kelly
16%
Who did Barrow lose 5-4 in the FA Cup in the 2021-22 season. Barnsley
13%
How long have Everton been in the top flight of English Football? 68
9%
Blackburn Rovers, at the start of the 2021-22 season, signed which Leeds United player on loan? Ian Poveda
9%
Who did Carlisle beat in the 2011 Football League Trophy final? Brentford
3%
What is on the Doncaster Rovers badge? A dexter lion
0%
Crawley Town won 3-0 in the 2021 FA Cup third round against Leeds United to play against which team? AFC Bournemouth
0%
No matching quizzes found
Score Distribution
Percent of People with Each Score
Percentile by Number Answered
Your Score History
You have not taken this quiz